000 005770000a22001810004500
003 MACL
005 20160519154303.0
008 160519b xxu||||| |||| 00| 0 eng d
040 _aMACL
_cMACL
041 _aHindi
082 _a891.433
100 _aमण्‍टो, सआदत हसन
_956253
245 _aमेरा नाम राधा है
_cसआदत हसन मण्‍टो
260 _bमहानदा प्रकाशन
_c2002
_aदिल्‍ली
350 _a150
650 _aStories
_958253
942 _cHIN
_k891.433/MAN/S
_2ddc
999 _c19036
_d19036